[Event "SF Katernberg-SG Turm Raesfeld"]
[Site "?"]
[Date "2009.12.27"]
[Round "2.3"]
[White "Tünte, Marcel"]
[Black "Schimnatkowski, Lukas"]
[Result "1/2-1/2"]
[WhiteElo "1210"]
[BlackElo "1105"]
[PlyCount "119"]
[EventDate "2009.??.??"]
[WhiteTeam "SG Turm Raesfeld"]
[BlackTeam "SF Katernberg"]

1. e4 e6 2. d4 d5 3. e5 c5 4. c3 Qb6 5. Nf3 Nc6 6. Bd3 Bd7 7. Bc2 Nh6 8. O-O
Nf5 9. Bxf5 exf5 10. Re1 Be7 11. h3 O-O-O 12. Na3 f6 13. e6 Be8 14. Qb3 Qxb3
15. axb3 cxd4 16. Nxd4 Nxd4 17. cxd4 Bb4 18. Re2 Bh5 19. Rc2+ Kb8 20. Bf4+ Bd6
21. e7 Rd7 22. Re1 Bxf4 23. g4 fxg4 24. hxg4 Bg6 25. Nb5 a6 26. Rce2 Re8 27.
Nc3 h5 28. f3 hxg4 29. fxg4 Bd3 30. Re6 Kc7 31. Rd1 Bc2 32. Rf1 Bg5 33. Rf2
Rexe7 34. Rxe7 Rxe7 35. Rxc2 Kd6 36. Ne2 Rc7 37. Rxc7 Kxc7 38. Kf2 Kd6 39. Nc3
g6 40. Kf3 Ke6 41. Na4 Bc1 42. Nc5+ Ke7 43. Nxb7 Bxb2 44. Ke3 f5 45. gxf5 gxf5
46. Nc5 a5 47. Nb7 Bc3 48. Kf4 Kf6 49. Nd6 Bxd4 50. Nxf5 Be5+ 51. Kg4 d4 52.
Nh4 Ke6 53. Nf3 d3 54. Nd2 Kd5 55. Kf3 Kd4 56. Nb1 Bd6 57. Kf2 Bf4 58. Kf3 Bg5
59. Kf2 Bh4+ 60. Kf3 1/2-1/2

[Event "SF Katernberg-SG Turm Raesfeld"]
[Site "?"]
[Date "2009.12.27"]
[Round "2.4"]
[White "Döpper, Anna Berenice"]
[Black "Tünte, Hendrik"]
[Result "1/2-1/2"]
[WhiteElo "906"]
[BlackElo "1049"]
[PlyCount "92"]
[EventDate "2009.??.??"]
[WhiteTeam "SF Katernberg"]
[BlackTeam "SG Turm Raesfeld"]

1. e4 e5 2. d4 exd4 3. Nf3 Bb4+ 4. c3 dxc3 5. Nxc3 Nc6 6. Bc4 d6 7. O-O Bg4 8.
a3 Bxc3 9. bxc3 Qf6 10. Bg5 Qxc3 11. Be2 Bxf3 12. Bxf3 h6 13. Bd2 Qe5 14. Rb1
b6 15. g3 Rb8 16. Bf4 Qd4 17. Rc1 Qxd1 18. Rfxd1 g5 19. Rxc6 gxf4 20. Rxc7 fxg3
21. hxg3 a5 22. Rxd6 Rh7 23. e5 Ne7 24. e6 fxe6 25. Rxe6 Kd8 26. Rb7 Rxb7 27.
Bxb7 Nc8 28. Bxc8 Kxc8 29. Rxb6 Kc7 30. Ra6 Kb7 31. Rxa5 Kb6 32. Re5 h5 33. Kg2
h4 34. g4 h3+ 35. Kh2 Kc6 36. Rh5 Ra7 37. Rxh3 Ra4 38. f3 Kd6 39. g5 Rxa3 40.
g6 Ra8 41. f4 Ke6 42. Rh7 Rg8 43. Kg3 Rxg6+ 44. Kf3 Rf6 45. Ra7 Kf5 46. Ra5+
Kg6 1/2-1/2

[Event "SC Widdern-SV Medizin Erfurt"]
[Site "?"]
[Date "2009.12.27"]
[Round "2.1"]
[White "Knorre, Jonas"]
[Black "Schissler, Cornelius"]
[Result "1-0"]
[WhiteElo "1313"]
[BlackElo "1263"]
[PlyCount "103"]
[EventDate "2009.??.??"]
[WhiteTeam "SV Medizin Erfurt"]
[BlackTeam "SC Widdern"]

1. d4 Nf6 2. Nf3 d5 3. e3 a6 4. Bd3 Nc6 5. O-O Bg4 6. b3 e6 7. Bb2 Bd6 8. Nbd2
Qe7 9. Qc1 Qd7 10. c4 O-O 11. Ne5 Bxe5 12. dxe5 Ne8 13. Nf3 f6 14. exf6 Nxf6
15. Qd2 Rad8 16. Qc3 Bxf3 17. gxf3 Qe7 18. Kh1 d4 19. exd4 Nxd4 20. Be4 Nxe4
21. fxe4 Qh4 22. Qg3 Qxe4+ 23. f3 Qf4 24. Qxf4 Rxf4 25. Rad1 e5 26. Bc1 Rf5 27.
Bb2 Rd6 28. f4 Ne6 29. Bxe5 Rxd1 30. Rxd1 c6 31. Rd7 Rf7 32. Rd6 Nc5 33. Rd8+
Rf8 34. Rxf8+ Kxf8 35. Bd6+ Kf7 36. Bxc5 Kf6 37. Kg2 Kf5 38. Kf3 g5 39. fxg5
Kxg5 40. Ke4 Kg4 41. Bd6 h5 42. Kd4 Kf3 43. Kc5 Ke3 44. Kb6 Kd3 45. Kxb7 Kc3
46. Kxc6 Kb2 47. Kb6 Kxa2 48. c5 Kxb3 49. c6 a5 50. c7 a4 51. c8=Q a3 52. Bxa3
1-0

[Event "SC Widdern-SV Medizin Erfurt"]
[Site "?"]
[Date "2009.12.27"]
[Round "2.2"]
[White "Dirks, Alexander"]
[Black "Lindner, Ferdinand"]
[Result "1-0"]
[WhiteElo "1107"]
[BlackElo "1413"]
[PlyCount "85"]
[EventDate "2009.??.??"]
[WhiteTeam "SC Widdern"]
[BlackTeam "SV Medizin Erfurt"]

1. e4 c5 2. Nf3 Nc6 3. d4 cxd4 4. Nxd4 g6 5. b3 Bg7 6. Bb2 Qb6 7. c3 Nf6 8. Bd3
O-O 9. Nd2 d6 10. Nc4 Qd8 11. O-O a6 12. a4 Bd7 13. Re1 Qc7 14. Qe2 Rfe8 15.
Nf3 d5 16. Ncd2 dxe4 17. Nxe4 Rad8 18. Rad1 Nxe4 19. Bxe4 h6 20. Nd4 Kf8 21.
Nxc6 Bxc6 22. Bxc6 bxc6 23. Qxa6 Qf4 24. Rxd8 Rxd8 25. Ba3 Bf6 26. Qb7 Qd2 27.
Bxe7+ Kg8 28. Rf1 Bxe7 29. Qxe7 Rd3 30. Qe8+ Kg7 31. Qxc6 Rxc3 32. Qb5 Qb2 33.
Qe5+ Kh7 34. a5 Qxb3 35. h3 Qa3 36. a6 Rc6 37. Ra1 Qf8 38. a7 Rc8 39. Rb1 f6
40. Rb7+ Kh8 41. Qe7 Rc1+ 42. Kh2 Qxe7 43. Rxe7 1-0

[Event "SC Widdern-SV Medizin Erfurt"]
[Site "?"]
[Date "2009.12.27"]
[Round "2.3"]
[White "Michels, Kim"]
[Black "Weinmeister, Nico"]
[Result "1-0"]
[WhiteElo "1184"]
[BlackElo "1075"]
[PlyCount "87"]
[EventDate "2009.??.??"]
[WhiteTeam "SV Medizin Erfurt"]
[BlackTeam "SC Widdern"]

1. e4 e5 2. Nf3 Nc6 3. Bc4 Bc5 4. c3 Nf6 5. d4 exd4 6. cxd4 Bb6 7. Nc3 Ba5 8.
Bg5 h6 9. Bxf6 Qxf6 10. O-O Qg6 11. e5 d6 12. exd6 Qxd6 13. d5 Ne7 14. Qa4+ Bd7
15. Qxa5 O-O 16. Ne4 Qf4 17. Rfe1 Bg4 18. Qd2 Qf5 19. Ng3 Qd7 20. Ne5 Qc8 21.
Nxg4 Qxg4 22. Qe2 Qxe2 23. Rxe2 Ng6 24. Rc1 Rac8 25. Bb5 a6 26. Bd7 Rcd8 27.
Rxc7 Nf4 28. Rd2 b5 29. d6 Ne6 30. Bxe6 fxe6 31. Re7 Rf7 32. Rxe6 Rfd7 33. Ne4
Kf7 34. Re5 g5 35. Kf1 g4 36. Ke2 Re8 37. Rxe8 Kxe8 38. Nf6+ Kd8 39. Nxd7 Kxd7
40. Ke3 h5 41. f4 gxf3 42. Kxf3 a5 43. g4 hxg4+ 44. Kxg4 1-0

[Event "SC Widdern-SV Medizin Erfurt"]
[Site "?"]
[Date "2009.12.27"]
[Round "2.4"]
[White "Hoffmann, Jens"]
[Black "Nguyen, Huy Dat"]
[Result "0-1"]
[WhiteElo "899"]
[BlackElo "1153"]
[PlyCount "84"]
[EventDate "2009.??.??"]
[WhiteTeam "SC Widdern"]
[BlackTeam "SV Medizin Erfurt"]

1. e4 c5 2. Nf3 Nc6 3. Bc4 d6 4. O-O g6 5. Nc3 Bg7 6. d3 Nf6 7. b3 O-O 8. Bb2
Bd7 9. Nd5 Nxd5 10. Bxg7 Kxg7 11. Bxd5 a6 12. d4 cxd4 13. Nxd4 Rc8 14. f4 Qb6
15. c3 e5 16. fxe5 dxe5 17. Qf3 exd4 18. cxd4 Qxd4+ 19. Kh1 f5 20. h3 fxe4 21.
Qxe4 Rxf1+ 22. Rxf1 Qxe4 23. Bxe4 Rf8 24. Rd1 Be8 25. g4 Rf4 26. Bc2 Rf2 27.
Be4 Rxa2 28. h4 Rf2 29. Rg1 Rf4 30. Bd5 Bd7 31. Kh2 Rxg4 32. Bxc6 Rxg1 33. Kxg1
Bxc6 34. Kf2 Kf6 35. Kg3 Kf5 36. b4 b5 37. Kh3 Kf4 38. Kh2 Kg4 39. Kg1 Kxh4 40.
Kf2 h5 41. Ke3 g5 42. Kd3 g4 0-1

[Event "USV Volksbank Halle-SC Eppelborn"]
[Site "?"]
[Date "2009.12.27"]
[Round "2.1"]
[White "Dickmann, Christopher"]
[Black "Schulte, Felix"]
[Result "1/2-1/2"]
[WhiteElo "1212"]
[BlackElo "1407"]
[PlyCount "55"]
[EventDate "2009.??.??"]
[WhiteTeam "SC Eppelborn"]
[BlackTeam "USV Volksbank Halle"]

1. d4 f5 2. Nc3 Nf6 3. Bg5 g6 4. Nf3 Bg7 5. Bxf6 Bxf6 6. e4 d6 7. exf5 Bxf5 8.
Bd3 Qd7 9. Qd2 Bxd3 10. Qxd3 Nc6 11. O-O-O O-O-O 12. h4 e5 13. dxe5 Nxe5 14.
Nxe5 Bxe5 15. Rhe1 Qf7 16. Qh3+ Kb8 17. Qd3 Bxc3 18. Qxc3 Qxa2 19. Re7 Rc8 20.
Rxc7 Rhf8 21. Rxc8+ Rxc8 22. Qf6 d5 23. Qd6+ Ka8 24. c3 Qa1+ 25. Kc2 Qa4+ 26.
Kc1 Qa1+ 27. Kc2 Qa4+ 28. Kc1 1/2-1/2

[Event "USV Volksbank Halle-SC Eppelborn"]
[Site "?"]
[Date "2009.12.27"]
[Round "2.2"]
[White "Altstadt, Karl-Simon"]
[Black "Klesen, Jonas"]
[Result "1-0"]
[WhiteElo "1349"]
[BlackElo "995"]
[PlyCount "71"]
[EventDate "2009.??.??"]
[WhiteTeam "USV Volksbank Halle"]
[BlackTeam "SC Eppelborn"]

1. e4 e5 2. Nf3 Nf6 3. Nc3 Nc6 4. Bb5 d6 5. d3 Bd7 6. Bg5 Be7 7. Ne2 a6 8. Bxc6
Bxc6 9. O-O h6 10. Be3 Qd7 11. c4 O-O 12. Ng3 Ng4 13. h3 Nxe3 14. fxe3 g6 15.
d4 b5 16. c5 dxc5 17. Nxe5 Qd6 18. Nxc6 Qxc6 19. Rc1 Qd6 20. e5 Qc6 21. Qg4 Bg5
22. Rxc5 Qb6 23. Rc3 Rac8 24. a3 a5 25. h4 Be7 26. Nf5 Rce8 27. Nxh6+ Kg7 28.
Nf5+ Kg8 29. h5 Kh7 30. h6 Rg8 31. Nh4 Ref8 32. Qe4 Kxh6 33. Rc6 Qa7 34. Nf5+
Kh7 35. Nxe7 Rg7 36. Qh4# 1-0

[Event "USV Volksbank Halle-SC Eppelborn"]
[Site "?"]
[Date "2009.12.27"]
[Round "2.3"]
[White "Jankir, Hevidar"]
[Black "Geyer, Hannes"]
[Result "1-0"]
[WhiteElo "926"]
[BlackElo "1209"]
[PlyCount "127"]
[EventDate "2009.??.??"]
[WhiteTeam "SC Eppelborn"]
[BlackTeam "USV Volksbank Halle"]

1. e4 e5 2. Nf3 Nc6 3. Bc4 Be7 4. Nc3 Nf6 5. d3 d6 6. O-O Bg4 7. h3 Bh5 8. Be3
O-O 9. Qe2 Nd7 10. Rad1 Bg5 11. Bxg5 Qxg5 12. Nxg5 Bxe2 13. Nxe2 Nb4 14. Rc1
Nb6 15. Bb3 Nc6 16. c3 Rad8 17. Rfd1 Na5 18. Nxf7 Nxb3 19. Nxd8 Nxc1 20. Rxc1
Rxd8 21. Ng3 d5 22. Rd1 Na4 23. b3 Nxc3 24. Rc1 d4 25. Rc2 b5 26. Nf5 a5 27.
Ne7+ Kf8 28. Nc6 Ra8 29. Nxe5 a4 30. Nc6 axb3 31. axb3 Ra3 32. Nxd4 b4 33. f4
Kf7 34. g4 c5 35. Nf5 Rxb3 36. Nd6+ Ke7 37. e5 Rb1+ 38. Kf2 Nd1+ 39. Ke2 Nc3+
40. Kd2 Rd1+ 41. Ke3 Nd5+ 42. Ke4 Nc3+ 43. Ke3 Nd5+ 44. Ke2 Nc3+ 45. Rxc3 Rh1
46. Rxc5 b3 47. Rb5 Rh2+ 48. Kd1 b2 49. Nc4 Rh1+ 50. Kc2 Rh2+ 51. Kb1 Rxh3 52.
Nxb2 Rh4 53. Rb7+ Kf8 54. e6 Rxg4 55. Rf7+ Ke8 56. Nc4 Rg1+ 57. Kc2 Rg2+ 58.
Kc3 Re2 59. Nd6+ Kd8 60. Ne4 Ke8 61. Rxg7 h6 62. e7 Rxe4 63. dxe4 h5 64. Rh7
1-0

[Event "USV Volksbank Halle-SC Eppelborn"]
[Site "?"]
[Date "2009.12.27"]
[Round "2.4"]
[White "Niggl, Michael"]
[Black "Jankir, Delschad"]
[Result "1-0"]
[WhiteElo "1094"]
[BlackElo "758"]
[PlyCount "79"]
[EventDate "2009.??.??"]
[WhiteTeam "USV Volksbank Halle"]
[BlackTeam "SC Eppelborn"]

1. c4 e5 2. Nc3 Nf6 3. g3 Nc6 4. Bg2 Bb4 5. Nf3 O-O 6. O-O d6 7. d4 exd4 8.
Nxd4 Nxd4 9. Qxd4 Bxc3 10. Qxc3 Qe7 11. Re1 Ne4 12. Qd3 Nc5 13. Qc2 Qf6 14. Bf4
Bd7 15. b4 Ne6 16. Be3 c6 17. Red1 Qe7 18. a4 a6 19. Rab1 Rab8 20. b5 Qf6 21.
Rxd6 Rfd8 22. Bb6 Qe7 23. Rbd1 Rf8 24. Rxd7 Qf6 25. bxc6 Rbc8 26. cxb7 Rb8 27.
Ba7 Rbe8 28. c5 Qg5 29. c6 Qa5 30. c7 Nxc7 31. Qxc7 Qxc7 32. Rxc7 Rd8 33. Rxd8
Rxd8 34. Rc8 Rf8 35. b8=Q h6 36. Rxf8+ Kh7 37. Be4+ g6 38. Rh8+ Kg7 39. Bd4+ f6
40. Qg8# 1-0